La singularidad de Jesús : (Registro nro. 51240)
[ vista simple ]
| 000 -LÍDER | |
|---|---|
| Campo fijo de descripción fija | 01550cab a22002174i 4500 |
| 001 - NÚMERO DE CONTROL | |
| Campo de control | 768714001 |
| 003 - IDENTIFICADOR DEL NÚMERO DE CONTROL | |
| Campo de control | CO-MdFUSB |
| 005 - FECHA Y HORA DE LA ULTIMA TRANSACCIÓN | |
| control field | 20230404114025.0 |
| 008 - ELEMENTOS DE LONGITUD FIJA -- INFORMACIÓN GENERAL | |
| Campo fijo de descripción fija -- Información general | 180626s2001 gt ||||| |||| 00| 0 spa d |
| 022 ## - NÚMERO INTERNACIONAL NORMALIZADO PARA PUBLICACIONES SERIADAS | |
| Número Internacional Normalizado para Publicaciones Seriadas | 1014-9341 |
| 040 ## - FUENTE DE CATALOGACIÓN | |
| Agencia Catalogadora | CO-MdFUSB |
| Idioma de catalogación | spa |
| Agencia que realiza la transcripción | CO-MdFUSB |
| Agencia que realiza la modificación | CO-MdFUSB |
| 041 ## - CÓDIGO DE IDIOMA | |
| Código de idioma para texto/pista de sonido o título separado | spa |
| 100 1# - ASIENTO PRINCIPAL--NOMBRE PERSONAL | |
| Nombre personal | Voth, Esteban |
| Término relacionador | autor |
| 245 13 - TÍTULO | |
| Título | La singularidad de Jesús : |
| Subtitulo | su significado en nuestros diferentes contextos culturales |
| Mención de responsabilidad | / Esteban Voth |
| 300 ## - DESCRIPCIÓN FÍSICA | |
| Extensión | Número 28 (Enero - Junio, 2001), páginas 7-26 |
| Dimensiones | ; 22 cm |
| 520 ## - NOTA DE RESUMEN, ETC. | |
| Nota de sumario, etc. | La singularidad de Jesús tiene que ser comprendida y expresada de manera contextual en cada cultura donde se introduce el evangelio. Tal contextualización se realizó en la expansión del evangelio en el Nuevo Testamento y en la historia de la Iglesia, hasta que se congeló en la teología eurocéntrica. Una hermenéutica capaz de traducir el evangelio a cualquier contexto debe basarse en el mensaje de la cruz y en una perspectiva etnográfica que se vale del método de la historia personal. La conceptualización entre los inuit de Canadá de la relación con Jesús en términos de la costumbre de niuviriik "compañero solidario" provee una ilustración de cómo la singularidad de Jesús puede ser entendida a partir de una cosmovisión no occidental. |
| 650 #7 - ASIENTO SECUNDARIO DE MATERIA - TERMINO TEMÁTICO | |
| 9 (RLIN) | 480 |
| Término temático o nombre geográfico como elemento de entrada | Cristología |
| Subdivisión general | Cultura |
| 773 0# - ASIENTO DE ITEM FUENTE | |
| Título | Kairós |
| Biblionumber | 49489 |
| Itemnumber | 61195 |
| Parte(s) relacionada(s) / Volumen., número. (mes año), páginas | Número 28 (Enero - Junio, 2001), páginas 7-26 |
| Enumeración y primera página | Página 7 |
| 773 0# - ASIENTO DE ITEM FUENTE | |
| Título | Kairós |
| Biblionumber | 49489 |
| Itemnumber | 81315 |
| Parte(s) relacionada(s) / Volumen., número. (mes año), páginas | Número 28 (Enero - Junio, 2001), páginas 7-26 |
| Enumeración y primera página | Página 7 |
| 942 ## - TIPO DE MATERIAL (KOHA) | |
| Tipo de Item KOHA | Artículos de Revista |
No hay ítems disponibles.
